000
00264nam a2200109Ia 4500
008
200302s9999 xx 000 0 und d
100
_a
Murray Stewart
245
_a
The City: Problems of Planning
260
_b
Penguin Books Ltd.
260
_c
1977
300
_a
496 P.,
999
_c
5590
_d
5590